A complete guide to Protection of Children from Sexual Offences Act (POCSO) / (Record no. 100319)

MARC details
000 -LEADER
fixed length control field 00637nam a22001937a 4500
005 - DATE AND TIME OF LATEST TRANSACTION
control field 20160615124059.0
010 ## - LCCN (DPL NO)
LC control number ENG-115265
020 ## - INTERNATIONAL STANDARD BOOK NUMBER
International Standard Book Number 9789350356333
Terms of availability 625.00
035 ## - SYSTEM CONTROL NUMBER
System control number EN-98797
037 ## - SOURCE OF ACQUISITION
Source of stock number/acquisition DBAD/PUB
082 ## - DEWEY DECIMAL CLASSIFICATION NUMBER
Classification number 345.540253
100 ## - MAIN ENTRY--PERSONAL NAME
Personal name Malik,Pratap S.
245 ## - TITLE STATEMENT
Title A complete guide to Protection of Children from Sexual Offences Act (POCSO) /
Statement of responsibility, etc by Pratap S. Malik
260 ## - PUBLICATION, DISTRIBUTION, ETC. (IMPRINT)
Place of publication, distribution, etc Gugaon
Name of publisher, distributor, etc LexisNexis
Date of publication, distribution, etc 2016
270 ## - ADDRESS
Address 14th floor,Building N0-10,Tower-B,DLF Cyber City,Phase-II
City Gurgaon
Postal code 122002
300 ## - PHYSICAL DESCRIPTION
Extent xxv,454p.
Dimensions 25cm(Hb)
500 ## - GENERAL NOTE
General note Includes index
942 ## - ADDED ENTRY ELEMENTS (KOHA)
Source of classification or shelving scheme Dewey Decimal Classification
Item type English Books
Call number suffix MAL
Classification part 345.540253
Holdings
Withdrawn status Lost status Not for loan Collection code Home library Current library Date acquired Source of acquisition Cost, normal purchase price Full call number Barcode Copy number Cost, replacement price Koha item type
      Non-fiction Bawana Bawana 14/06/2016 DBAD/PUB 625.00 345.540253 MAL EN-98797 1 625.00 English Books

© Delhi Public Library
Hit Counter
free hit counter